1er. Congreso de Empresarios

Збережено в:
Бібліографічні деталі
Автор: Hahn Huber, Erwin (Автор)
Формат: Книга
Мова:Іспанська
Опубліковано: Santiago Banchile 1987
Предмети:
Теги: Додати тег
Немає тегів, Будьте першим, хто поставить тег для цього запису!

MARC

LEADER 00000nam a2200000 a 4500
001 UCR4426
003 CL-VaPUC
005 20220315074414.0
008 980307e19870000cl 1 spa d
082 0 4 |a 338.61  |b HAH  |2 21 
100 1 |a Hahn Huber, Erwin  |e author  |9 618769 
245 1 0 |a 1er. Congreso de Empresarios 
260 |a Santiago  |b Banchile  |c 1987 
300 |a 142 p 
583 |a last modification  |c 19980307 00:00:00  |k Rodrigo Vera 
650 0 7 |a EMPRESAS PRIVADAS  |2 CL-VaPUC  |9 314122 
650 0 7 |a EMPRESARIOS  |2 CL-VaPUC  |9 315086 
650 0 0 |a Economía   |9 255568 
650 0 7 |a DESARROLLO EMPRESARIAL  |2 CL-VaPUC  |9 407085 
650 0 0 |a Congresos  |9 257560 
651 7 |a CHILE  |2 CL-VaPUC  |9 618770 
942 |c BK 
945 |a aolguin  |d 19980307 00:00:00 
546 |a En Español 
518 |p Congreso de Empresarios, 1, Santiago, 19-20 de agosto de 1986 
999 |c 383104  |d 383102 
952 |0 0  |1 0  |4 0  |6 338_610000000000000_HAH_1987  |7 0  |8 A  |9 505119  |a BIBDER  |b BIBDER  |d 2020-01-23  |i 1956531  |o 338.61 HAH 1987  |p 1956531  |r 2023-01-25  |w 2020-01-23  |y BK  |k DER